| 000 | 00689nam a2200229Ia 4500 | ||
|---|---|---|---|
| 003 | OSt | ||
| 005 | 20251113161030.0 | ||
| 008 | 220917b |||||||| |||| 00| 0 eng d | ||
| 037 | _cTB | ||
| 040 |
_aARTS _cARTS _beng |
||
| 041 |
_2eng _aeng |
||
| 084 |
_aPxN28a M4 _qAL |
||
| 100 |
_aRamaiah, L S Co. _965608 |
||
| 245 | 0 |
_aNoam Chomsky: _b a bibliography |
|
| 260 |
_aGurgaon, India: _bIndian Documentation India; _c1984. |
||
| 300 |
_a92p. _ccm. |
||
| 490 | _aSelect bibliography series; 7 | ||
| 650 |
_aLINGUISTICS _9851295 |
||
| 700 |
_a Prafulla Chandra, T V Co. _965609 |
||
| 942 |
_hPxN28a M4 (BB/FAL) _cTB _2CC _n0 |
||
| 999 |
_c176289 _d176289 |
||